000 00441nam a2200181Ia 4500
001 8056
005 20260306160541.0
008 260306t2003||||xx |||||||||||||| ||spa||
041 _aESP
082 _a370.1
_bF47
100 _aFierro, María Cecilia
_eAUT
245 0 _aMirar la práctica docente desde los valores
260 _c2003
300 _a301 páginas :
_c22 cm.
650 _aGEN
654 _aCED
942 _cLIB
_dJUS
_fJUS
_2ddc
_n
999 _c8056
_d8056